000 00292nam a22001337a 4500
008 170522b xxu||||| |||| 00| 0 eng d
020 _a1558963804
041 _aeng
080 _a94 EME
100 _a16
101 _aSHH
245 _aSTANDING BEFORE US
_cEMERSON , D.M
942 _2udc
_cBK
999 _c13768
_d13768